定期外利用率の高い駅BEST50(JR東日本) - Statistics

General Stats
  • This quiz has been taken 1,763 times
  • The average score is 23 of 50
Answer Stats
% Answer % Correct
38 44.2 東京
95%
36 44.3 新宿
92%
24 48.1 渋谷
88%
43 43.3 品川
86%
25 47.1 上野
85%
15 50.4 秋葉原
76%
14 53.5 舞浜
75%
5 64.5 原宿
71%
28 46.6 新横浜
60%
10 59.7 新大久保
59%
18 49.3 代々木
59%
22 48.4 恵比寿
59%
30 46.3 目黒
59%
11 58.9 熱海
58%
16 50.4 鎌倉
58%
29 46.6 成田空港
54%
45 43.1 御徒町
54%
1 86.8 越後湯沢
53%
40 43.7 立川
52%
44 43.1 水道橋
51%
3 82.5 軽井沢
49%
26 47.1 桜木町
49%
42 43.4 吉祥寺
49%
6 62.7 新青森
48%
35 44.5 関内
46%
31 46.2 那須塩原
43%
13 53.7 鶯谷
40%
4 70.4 上田
39%
37 44.3 大塚
39%
12 53.9 八戸
38%
34 45.1 錦糸町
38%
2 84.8 上越妙高
35%
7 61.6 伊東
35%
20 48.6 佐久平
35%
41 43.6 横須賀
35%
8 60 空港第2ビル
33%
47 42.8 湯河原
33%
32 45.8 大月
32%
39 44 新白河
31%
19 48.7 大久保
28%
9 60 燕三条
27%
21 48.4 越谷レイクタウン
26%
27 46.8 府中本町
24%
33 45.3 高円寺
22%
23 48.2 南船橋
17%
49 42.7 東神奈川
16%
17 49.5 千駄ケ谷
15%
46 43 西荻窪
15%
50 42.7 東中野
15%
48 42.7 新三郷
11%
No matching quizzes found
Score Distribution
Percent of People with Each Score
Percentile by Number Answered
Your Score History
You have not taken this quiz